| 000 | 00694nam a2200181Ia 4500 | ||
|---|---|---|---|
| 008 | 220216s9999 xx 000 0 und d | ||
| 100 | _aZhou Jun | ||
| 245 | 4 | _aThe Variations and relationship of leaf SPAD value, agronomic traits and N element content in leaf of rubber tree seedling under low-N stress | |
| 260 | _bClimate change, low carbon economy and sustainable natural rubber industry: Preprints of proceedings of IRRDB International Rubber Conference 2010, 18-19 October 2010 Sanya, Hainan, China, pp. 109-123. | ||
| 650 | _aDBL | ||
| 650 | _aLA | ||
| 650 | _aLNC | ||
| 650 | _aNRA | ||
| 650 | _aValues of SPAD | ||
| 700 | _aCao Jian-hua | ||
| 700 | _aLin Wei-fu | ||
| 942 | _cJS | ||
| 999 |
_c71155 _d71155 |
||